000
00260nam a22001217a 4500
008
170404b xxu||||| |||| 00| 0 eng d
041
_a
eng
080
_2
30 ED
_a
674
100
_a
9
101
_a
SHM
245
_a
DATNDARD METHODS
_c
THOMAS.A.H
942
_2
udc
_c
BK
999
_c
9641
_d
9641